000
00296nam a2200133Ia 4500
008
230917s9999||||xx |||||||||||||| ||und||
040
_e
190476
_a
MAIN
041
_a
English
082
_a
519.5 Y11S
100
_a
Yadav, Devi Singh
245
0
_a
Sankhyaki
300
_a
804, xv p.
942
_c
BK
999
_c
204204
_d
204204